Statistics for Euphoria Lyrics - Kendrick Lamar

Click here to take the quiz!

General Stats

  • This quiz has been taken 171 times
  • The average score is 762 of 1424

Answer Stats

Lyrics% Correct
T,
94%
I
92%
you-
91%
you
91%
You
91%
a
90%
A
90%
The
90%
the
90%
P,
88%
an
84%
no
84%
he
82%
He
82%
and
81%
And
81%
be
81%
me,
81%
me
81%
That
81%
that
81%
that,
81%
who
81%
do
79%
Like
78%
like
78%
on
78%
in
76%
Don't
75%
don't
75%
Talk
75%
talk,
75%
talk
75%
we
75%
we,
75%
We
75%
can
74%
I'm
74%
way,
74%
way
74%
about
73%
is
73%
to
73%
hate
72%
hate,
72%
lie
72%
Ni***
72%
Ni***,
72%
ni****
72%
ni***,
72%
ni****?
72%
ni***
72%
ni****,
72%
tell
72%
Tell
72%
not
71%
not,
71%
your
71%
si
70%
what
70%
What
70%
what?
70%
with
70%
with?
70%
won't
70%
bout
69%
go
69%
walk
69%
walk,
69%
know
67%
Know
67%
then
67%
Then
67%
truth
67%
by
66%
Ho
66%
Ho,
66%
ho
66%
it?
66%
it
66%
it,
66%
Euphoria
65%
Yeah,
65%
yeah,
65%
But
64%
but
64%
dress
64%
Them
64%
them
64%
bee
63%
Bee
63%
When
63%
when
63%
fam
62%
let
62%
Let
62%
Okay,
62%
okay
62%
Okay
62%
truths
62%
as
61%
bitch
61%
em,
61%
em
61%
say
61%
they
61%
They
61%
Drake
60%
fuck,
60%
fuck
60%
hear
60%
just
60%
my
60%
see
60%
act
58%
man?
58%
man,
58%
more?
58%
more
58%
of
58%
get
57%
ever
56%
ever?
56%
got
56%
Got
56%
It's
56%
it's
56%
Shoo
56%
feelin
55%
If
55%
if
55%
only
55%
power
55%
rap?
55%
rap
55%
out
54%
out,
54%
super
54%
even
53%
famous
53%
now
53%
shit
53%
shit,
53%
some
53%
Some
53%
women
53%
women,
53%
have
52%
Have
52%
have-
52%
have,
52%
him,
52%
him
52%
him?
52%
make
52%
Pac
52%
powers
52%
son
52%
think
52%
wanna
52%
You're
52%
you're
52%
all
51%
bein
51%
diss,
51%
for
51%
knew
51%
once
51%
one-
51%
one,
51%
one
51%
real
51%
This
51%
this
51%
bitches
49%
master
49%
silence
49%
v-
49%
AI
48%
AI?
48%
look
48%
manipulator,
48%
manipulator
48%
push
48%
sneak
48%
too,
48%
too
48%
watch
48%
Ain't
47%
ain't
47%
neutralized,
47%
that's
47%
That's
47%
ya
47%
cause
46%
Cause
46%
down
46%
every
46%
love
46%
play
46%
family,
45%
family
45%
gettin
45%
gon
45%
His
45%
his
45%
Joe,
45%
nothin
45%
pop
45%
two
45%
die
44%
pray
44%
Pray
44%
pray,
44%
actor
43%
been
43%
might
43%
or
43%
hater
42%
turn
42%
Bet
40%
heard
40%
time
40%
time,
40%
biggest
39%
catch
39%
Jackson
39%
liar
39%
life
39%
Mr.
39%
pushin
39%
had
38%
house
38%
let's
38%
Let's
38%
confuse
37%
culture
37%
degenerate,
37%
double
37%
grave
37%
I'll
37%
low,
37%
movin
37%
music
37%
always
36%
angle
36%
bad
36%
electrify
36%
Morale
36%
said
36%
spiralin
36%
tough
36%
artist,
35%
artist
35%
Benjamin
35%
direct
35%
enough,
35%
enough?
35%
feet
35%
Hellcat,
35%
hop
35%
lookin
35%
pacify
35%
predict
35%
Red,
35%
show
35%
where
35%
being
34%
braids?
34%
everything
34%
flight,
34%
front
34%
How
34%
never
34%
off
34%
reapin
34%
right
34%
stories
34%
til
34%
ass
33%
Back
33%
Back,
33%
back
33%
calculate
33%
eurt
33%
from
33%
paranoid
33%
three
33%
three-
33%
work
33%
acts
31%
better
31%
Canadian
31%
God,
31%
reaper
31%
scam
31%
thou
31%
believe
30%
day,
30%
day
30%
distasteful
30%
gotta
30%
huggin
30%
kindness
30%
kissin
30%
line
30%
line,
30%
money,
30%
notice,
30%
random
30%
record
30%
record?
30%
remote,
30%
smell
30%
sow,
30%
stage
30%
tales
30%
Tommy
30%
bleed
29%
calculated,
29%
collection
29%
five
29%
friends,
29%
guns,
29%
hopes
29%
Melly
29%
melodies,
29%
played
29%
somebody
29%
Somebody
29%
Stop
29%
there,
29%
Well,
29%
at
28%
case?
28%
first
28%
Hilfiger
28%
open
28%
rapper
28%
abs
27%
accepted
27%
classic,
27%
island
27%
lame
27%
lame,
27%
many
27%
Oh,
27%
up,
27%
yas
27%
yeht
27%
YNW
27%
away
26%
bring
26%
came
26%
Cole
26%
deep,
26%
demon
26%
fame
26%
gnihtyrevE
26%
Gunna
26%
habitual
26%
heavy,
26%
hundred
26%
last
26%
pathetic
26%
raise,
26%
stood
26%
touba
26%
would
26%
Am
25%
crodie?
25%
crodie
25%
eight
25%
fairytale
25%
guess
25%
hurt
25%
nuns,
25%
park
25%
saint
25%
stomach
25%
thinkin
25%
thought
25%
told
25%
word
25%
beef
24%
core
24%
crown
24%
enemy
24%
Fabricatin
24%
face?
24%
feelings?
24%
FUBU
24%
into
24%
keep
24%
Keep
24%
poker
24%
Puff,
24%
rather
24%
spare
24%
stand
24%
was
24%
Wunna
24%
yet
24%
yet,
24%
audience
22%
chipped
22%
death,
22%
digital
22%
fast
22%
here's
22%
left,
22%
ring,
22%
than
22%
themself
22%
Wakin
22%
antic
21%
Aubrey
21%
bars,
21%
call
21%
crash
21%
didn't
21%
Everybody
21%
greatest
21%
I'd
21%
paid
21%
phrase
21%
shot
21%
wage
21%
aim
20%
city
20%
competition,
20%
daddy
20%
explain
20%
feature
20%
friendly
20%
hugs
20%
mistakes
20%
seen
20%
somethin
20%
those
20%
throwaway
20%
Boy,
19%
Chubbs
19%
fact,
19%
fakin
19%
G.O.A.T's
19%
likes
19%
must
19%
run
19%
speak
19%
twisted
19%
Why
19%
Dementia
18%
done
18%
Drac,
18%
homie
18%
language
18%
online,
18%
selfish
18%
should
18%
straight
18%
twenty
18%
twenty-
18%
barriers,
17%
ghost
17%
He's
17%
killer,
17%
learned
17%
Matter
17%
nobody
17%
personal,
17%
point
17%
punk
17%
Punk
17%
ready
17%
sell
17%
shaky
17%
signed
17%
very
17%
Y'all
17%
y'all
17%
accent
16%
around
16%
celly,
16%
Crawford,
16%
Daft
16%
fade,
16%
fuckin
16%
really
16%
Try
16%
V12,
16%
walked
16%
whoopin
16%
year,
16%
address
15%
both,
15%
cringeworthy,
15%
critics,
15%
desist
15%
forgot
15%
hang
15%
inherit
15%
junior,
15%
poppin
15%
tellin
15%
today,
15%
write
15%
business,
13%
can't
13%
can;t
13%
gimmicks,
13%
give
13%
hand,
13%
Headshot
13%
name
13%
New
13%
OV-
13%
request
13%
Sexyy
13%
smack
13%
splits,
13%
Still
13%
Terrence
13%
through
13%
type
13%
blessed
12%
Cutthroat
12%
Extortion
12%
Joel
12%
made
12%
morals,
12%
percentage,
12%
Pharell,
12%
playin
12%
Remember?
12%
Top
12%
were
12%
battlin
11%
cease
11%
cheesin,
11%
dirt
11%
failed
11%
I'ma
11%
jump
11%
King
11%
middle
11%
Ooh
11%
sixth
11%
soul,
11%
spinnin
11%
success,
11%
take
11%
again
10%
Dawg,
10%
dick
10%
difference
10%
film
10%
Funny,
10%
must've
10%
sense
10%
swag
10%
takin
10%
tools
10%
wanted
10%
called
9%
clean
9%
further
9%
homeboys
9%
industry
9%
makin
9%
plane,
9%
soon
9%
Surprised
9%
threat
9%
trust
9%
wavin
9%
allergic
8%
coffin
8%
dance,
8%
Osteen
8%
sauce
8%
sure
8%
America,
7%
camera,
7%
consider
7%
dip
7%
food
7%
givin
7%
hour
7%
integrity,
7%
neither,
7%
riders
7%
Someone
7%
stay
7%
Teachin
7%
Thornton,
7%
tryna
7%
violence
7%
West
7%
Coast
6%
considerin,
6%
discipline,
6%
fine
6%
God's
6%
imitate
6%
listen,
6%
Terence
6%
wave
6%
Yachty
6%
blammy,
4%
finger
4%
fried
4%
heritage,
4%
rice
4%
Ayy,
3%
BEAM
3%
eatin
3%
huh
3%
Pick
3%
Psst,
3%
punt
3%
Speakin
3%
thump
3%
took
3%
Whoever
3%
goal,
2%
knowin
2%
baow-
1%
baow,
1%
blick
1%
Field
1%
mmm
1%

Score Distribution

Percentile by Number Answered

Percent of People with Each Score

Your Score History

You have not taken this quiz